[Event "Wellington CC-chB"]
[Site "Wellington"]
[Date "2013.10.10"]
[Round "11"]
[White "Rama, Rao M"]
[Black "Cook, John"]
[Result "1-0"]
[WhiteElo "1906"]
[BlackElo "1604"]
[PlyCount "47"]
[EventDate "2013.08.01"]
[EventType "tourn"]
[EventRounds "11"]
[EventCountry "NZL"]
[SourceTitle "EXT 2018"]
[Source "ChessBase"]
[SourceDate "2017.10.13"]
[SourceVersion "1"]
[SourceVersionDate "2017.10.13"]
[SourceQuality "1"]

1. Nf3 d5 2. d4 Bg4 3. e3 e6 4. c4 c6 5. Nc3 Nf6 6. Bd2 Be7 7. Be2 0-0 8. c5 b6 9. b4 a5 10. a3 b5 11. 0-0 a4 12. Ne5 Bf5 13. Nxc6 Nxc6 14. Bxb5 Na5 15. bxa5 Rxa5 16. Bxa4 Bd3 17. Re1 Ne4 18. Nxe4 Bxe4 19. Bxa5 Qxa5 20. Bc2 Bg6 21. Qb1 Qc3 22. Rc1 Qd2 23. Qa2 Bh4 24. g3 1-0

[Event "Wellington CC-chB"]
[Site "Wellington"]
[Date "2013.10.03"]
[Round "10"]
[White "Timergazi, Layla"]
[Black "Rama, Rao M"]
[Result "1-0"]
[WhiteElo "1889"]
[BlackElo "1906"]
[PlyCount "36"]
[EventDate "2013.08.01"]
[EventType "tourn"]
[EventRounds "11"]
[EventCountry "NZL"]
[SourceTitle "EXT 2018"]
[Source "ChessBase"]
[SourceDate "2017.10.13"]
[SourceVersion "1"]
[SourceVersionDate "2017.10.13"]
[SourceQuality "1"]

1. d4 Nf6 2. c4 e6 3. Nc3 d5 4. Bf4 Bb4 5. e3 0-0 6. Nf3 Ne4 7. Qc2 f5 8. Bd3 b6 9. 0-0 Bb7 10. cxd5 exd5 11. Nb5 Na6 12. Bxc7 Nxc7 13. Qxc7 Ba6 14. Rfd1 Qe8 15. Qe5 Bxb5 16. Qxd5+ Kh8 17. Bxb5 Qg6 18. Ne5 Qf6 1-0

[Event "Wellington CC-chB"]
[Site "Wellington"]
[Date "2013.09.05"]
[Round "6"]
[White "Roberts, Michael H"]
[Black "Rama, Rao M"]
[Result "0-1"]
[WhiteElo "1781"]
[BlackElo "1906"]
[PlyCount "48"]
[EventDate "2013.08.01"]
[EventType "tourn"]
[EventRounds "11"]
[EventCountry "NZL"]
[SourceTitle "EXT 2018"]
[Source "ChessBase"]
[SourceDate "2017.10.13"]
[SourceVersion "1"]
[SourceVersionDate "2017.10.13"]
[SourceQuality "1"]

1. e4 c6 2. d4 d5 3. e5 Bf5 4. Bd3 Bxd3 5. Qxd3 e6 6. Nf3 Qb6 7. 0-0 c5 8. c3 Nc6 9. Nbd2 f6 10. dxc5 Bxc5 11. Nb3 Be7 12. Qe2 f5 13. Be3 Qd8 14. Nc5 Bxc5 15. Bxc5 Nge7 16. Rad1 Qd7 17. Ng5 h6 18. Nh3 0-0-0 19. c4 Rhg8 20. b4 Kb8 21. Qe3 b6 22. Bd6+ Kb7 23. Bxe7 Qxe7 24. a4 d4 0-1